| 000 | 00658nam a2200205 a 4500 | ||
|---|---|---|---|
| 001 | 000029483 | ||
| 005 | 20200930055601.0 | ||
| 008 | 110415s2008 dr ac 000 0 spa d | ||
| 040 |
_aDO-SdBNP _bspa _cBNPHU |
||
| 082 |
_a759.7293 _bA992d |
||
| 100 | 1 |
_aAzar Billini, Aquiles, _d1965- _956354 |
|
| 245 | 1 | 0 |
_aDel fuego y la materia / _cAquiles Azar Billini. |
| 260 |
_aSanto Domingo : _bMuseo de Arte Moderno, _c2008. |
||
| 300 |
_a92 p. : _bil. ; _c22 cm. |
||
| 590 | _aInventariado, 2018/LP | ||
| 650 | 4 |
_aPintores dominicanos _911660 |
|
| 650 | 4 |
_aArte dominicano _937843 |
|
| 650 | 4 |
_aPintura dominicana _91858 |
|
| 910 | _aValidado. Control de calidad EMS | ||
| 999 |
_c28975 _d28975 |
||